Architectural drawing plates /

Bibliographic Details
Main Author: Elwood, Franklin George
Format: Book
Language:English
Published: Peoria, Ill. : The Manual Arts Press, [1931]
Subjects:

MARC

Tag First Indicator Second Indicator Subfields
LEADER 00000cam a2200000 4500
001 in00000022033
005 20151007063832.0
008 760116s1931 iluaf 00010 eng
010 |a  42044473  
035 |a (OCoLC)01932495 
035 |9 AAD8376AM 
040 |a DLC  |c MIA  |d TXA  |d UtOrBLW 
049 |a TXAM  |c [218373] 
050 0 0 |a NA2700  |b .E5 1931 
082 0 |a 744 
092 |a 744.42  |b E52a 
100 1 |a Elwood, Franklin George. 
245 1 0 |a Architectural drawing plates /  |c by Franklin George Elwood ... 
264 1 |a Peoria, Ill. :  |b The Manual Arts Press,  |c [1931] 
264 4 |c [©1931] 
300 |a 14 pages :  |b illustrations, 21 plates on 11 . ;  |c 25 x 20 cm. 
336 |a text  |b txt  |2 rdacontent 
337 |a unmediated  |b n  |2 rdamedia 
338 |a volume  |b nc  |2 rdacarrier 
500 |a "Revised edition." 
650 0 |a Architectural drawing. 
999 |a MARS 
999 f f |s a7b3873e-6549-3441-8926-4ba7218dfb1a  |i 604cd292-aa1d-3d00-bb80-7b1639c33405  |t 0 
952 f f |p ric  |a Texas A&M University  |b Rellis Campus  |c Joint Library Facility  |d Remote Storage  |t 0  |e NA2700 .E5 1931  |h Library of Congress classification  |i unmediated -- volume  |m A14801150952 
998 f f |a NA2700 .E5 1931  |t 0  |l Remote Storage